| 000 | 00999nam a2200289 i 4500 | ||
|---|---|---|---|
| 001 | bg | ||
| 245 | 1 | 0 |
_aNauka - architektura - edukacja / _cred. nauk. Jadwiga C. Żarnowiecka, Aleksander Owerczuk. |
| 260 |
_aBiałystok : _bWydział Architektury Politechniki Białostockiej ; _c2006. |
||
| 300 |
_a200, [2] s. : _bil. ; _c23 cm. |
||
| 500 | _aU góry okł. : 30 lat Wydziału Architektury Politechniki Białostockiej | ||
| 504 | _aBibliogr. przy niektórych pracach. | ||
| 650 | 9 |
_aArchitektura _xnauczanie _xszkolnictwo wyższe |
|
| 650 | 9 |
_aSzkolnictwo wyższe _xbudownictwo _yod 1989 r. |
|
| 700 | 1 |
_aŻarnowiecka, Jadwiga C. _eRed. |
|
| 700 | 1 |
_aOwerczuk, Aleksander. _eRed. |
|
| 020 | _a8360200157 | ||
| 020 | _a9788360200155 | ||
| 040 | _cBPK | ||
| 041 | 0 | _apol | |
| 044 | _aPOL | ||
| 080 | _a378.6::62:727.1/.4"1989/..." | ||
| 920 | _a83-60200-15-7 | ||
| 920 | _a978-83-60200-15-5 | ||
| 942 | _cKS | ||
| 008 | s pl f |000 0 pol | ||
| 999 |
_c54220 _d54220 |
||
| 856 |
_uhttp://koha.tu.koszalin.pl/cgi-bin/koha/opac-detail.pl?biblionumber=54220 _yKatalog online BPK |
||